Κωνσταντίνος Καραθεοδωρή : 50 επιστολές προς συναδέλφους του στη Γοττίγγη (Gottingen)

Αποθηκεύτηκε σε:
Λεπτομέρειες βιβλιογραφικής εγγραφής
Άλλοι συγγραφείς: Σιδερά-Λύτρα, Παρασκευή (Συγγραφέας εισαγωγής κ.λπ., trlf), Σιδεράς, Αλέξανδρος (Επιμελητής έκδοσης), Στάμου, Γεώργιος Θ. (Επιμελητής έκδοσης)
Μορφή: Βιβλίο
Γλώσσα:Greek
Δημοσίευση: Θεσσαλονίκη : Ζήτη, 2004.
Θέματα:
Ετικέτες: Προσθήκη ετικέτας
Δεν υπάρχουν, Καταχωρήστε ετικέτα πρώτοι!

MARC

LEADER 00000nam a2200000 a 4500
001 1/126033
008 230126r2004 gr | ||| |||| ||gre||
020 |a 9604319191 
040 |a GR-MyUa  |b gre  |c GR-MyUa  |e AACR2 
041 0 |a gre 
082 7 |a 510.92   |2 (23) 
245 1 0 |a Κωνσταντίνος Καραθεοδωρή :   |b 50 επιστολές προς συναδέλφους του στη Γοττίγγη (Gottingen) /   |c εισαγωγή-μεταγραφή γερμανικού κειμένου-μετάφραση-σχόλια, Παρασκευή Σιδερά - Λύτρα, φιλολογική επιμέλεια Αλέξανδρος Σιδεράς, μαθηματική θεώρηση Γεώργιος Στάμου. 
260 |a Θεσσαλονίκη :   |b Ζήτη,   |c 2004.  
300 |a 264 σ. :   |b φωτογρ. ;   |c 24 εκ.  
504 |a Περιέχει ευρετήριο.  
600 1 0 |a Carathéodory, Constantin,   |d 1873-1950. 
650 0 |a Mathematicians  |z Greece. 
700 1 |a Σιδερά-Λύτρα, Παρασκευή,  |e trlf  |e aui 
700 1 |a Σιδεράς, Αλέξανδρος,  |e edt 
700 1 |a Στάμου, Γεώργιος Θ.  |e edt 
852 |a INST  |b SAMOS  |e 20230126  |h 510.92 ΚΩΝ  |p 005300047338  |q 005300047338  |t BK  |y 0 
970 |a Γουβάλα  |b Βάσω  |z 26-01-2023